Developing PowerBuilder 5 applications
שמור ב:
| מחבר ראשי: | |
|---|---|
| פורמט: | ספר |
| שפה: | Undetermined |
| יצא לאור: |
Indianapolis, Indiana
SAMS
|
| נושאים: | |
| תגים: |
הוספת תג
אין תגיות, היה/י הראשונ/ה לתייג את הרשומה!
|
| Thư viện lưu trữ: | Trung tâm Học liệu Trường Đại học Cần Thơ |
|---|
| LEADER | 00692nam a2200181Ia 4500 | ||
|---|---|---|---|
| 001 | CTU_34978 | ||
| 008 | 210402s9999 xx 000 0 und d | ||
| 020 | |b 108.000đ | ||
| 082 | |a 005.758 | ||
| 082 | |b H362 | ||
| 100 | |a Bill Hatfield | ||
| 245 | 0 | |a Developing PowerBuilder 5 applications | |
| 245 | 0 | |c Bill Hatfield | |
| 260 | |a Indianapolis, Indiana | ||
| 260 | |b SAMS | ||
| 650 | |a client/server computing,computer programming ( electronic computers ),computer programs - study and teaching,database administration,internet ( computer network ) - study and teaching,sql ( computer program language ) | ||
| 904 | |i Minh, 000211 | ||
| 980 | |a Trung tâm Học liệu Trường Đại học Cần Thơ | ||